| 000 | 00740nam a22002777a 4500 | ||
|---|---|---|---|
| 001 | 22140 | ||
| 003 | UA-OsUOA | ||
| 005 | 20230115133135.0 | ||
| 007 | ta | ||
| 008 | 20031217b un ||||| |||| 00| 0 ukr d | ||
| 020 | _a5-12-001384-8 | ||
| 040 |
_aUA-OsUOA _brus _cUA-OsUOA _dUA-OsUOA |
||
| 041 | _arus | ||
| 044 | _aUA | ||
| 080 | _a130.2 | ||
| 090 |
_a130.2 _bФ56 |
||
| 100 | _aЛук Н. И. | ||
| 245 | _aФилософия культуры Украины и общественная мысть ХІХ–ХХ вв. | ||
| 260 |
_aКиев _bНаукова думка _c1990 |
||
| 300 | _a268 с. | ||
| 650 | 7 | _2UDC | |
| 700 | _aБелодед В.Д. | ||
| 700 | _aГерасимяк И.Г. | ||
| 942 |
_cBK _2udc |
||
| 955 | _a0 | ||
| 999 |
_c308354 _d308354 |
||